内堀通りの交差点 - Statistics

General Stats
  • This quiz has been taken 10 times
  • The average score is 8 of 14
Answer Stats
所在地 交差する道路 交差点名 % Correct
新宿通り(国道20号) 半蔵門
100%
靖国通り目白通り 九段下
100%
桜田通り(国道1号) 桜田門
86%
青山通り(国道246号) 三宅坂
86%
代官町通り 竹橋
86%
晴海通り(国道1号) 祝田橋
71%
千代田区 晴海通り 祝田橋
71%
白山通り 平川門
57%
永代通り 大手門
43%
六本木通り 国会前
29%
千代田区 靖国通り 九段坂上
29%
代官町通り 千鳥ヶ淵
14%
千代田通り 気象庁前
14%
早稲田通り 田安門
0%
No matching quizzes found
Score Distribution
Percent of People with Each Score
Percentile by Number Answered
Your Score History
You have not taken this quiz